Brand Slogan Synonyms Quiz Stats

 Plays Quiz not verified by Sporcle

Score 0/25 Timer 05:00
0 Plays Today
% Correct
McDonalds
78.9%
Disneyland
68.8%
Carlsberg
66.7%
Krispy Kreme
60.8%
eBay
60.3%
Nike
59.8%
Rice Krispies
59%
Red Bull
58.8%
Kit Kat
56.5%
L’Oreal
46.5%
Subway
37.4%
Toyota
31.8%
Apple
28.4%
% Correct
Nintendo
26.7%
Yahoo
22.7%
Coca-Cola
21.8%
Jaguar
19.7%
Google
17.7%
Adidas
15.7%
Burger King
15.7%
Microsoft
9.1%
Amazon
8%
Panasonic
5.4%
Pepsi
3.9%
Sony
3%

You're not logged in!

Compare scores with friends on all Sporcle quizzes.
OR
Log In

You Might Also Like...

Show Comments

Extras

Top Quizzes Today


Score Distribution

Your Account Isn't Verified!

In order to create a playlist on Sporcle, you need to verify the email address you used during registration. Go to your Sporcle Settings to finish the process.

Report this User

Report this user for behavior that violates our Community Guidelines.

Details: